The making of american democracy: readings and documents

Uloženo v:
Podrobná bibliografie
Hlavní autoři: Billington, Ray Allen (Autor), Brockunier, Samuel Hugh (Autor)
Další autoři: Loewenberg, Bert James (autor)
Médium: Kniha
Jazyk:španělština
Vydáno: Nueva York Holt, Rinehart and Winston 1960
Témata:
Tagy: Přidat tag
Žádné tagy, Buďte první, kdo vytvoří štítek k tomuto záznamu!

MARC

LEADER 00000nam a2200000 a 4500
001 UCO1067
003 CL-VaPUC
008 000505e19600000US |||||||||||||||||spa|d
082 0 4 |a 973  |b BIL  |2 21 
100 0 |a Billington, Ray Allen  |e author  |9 442842 
700 |a Loewenberg, Bert James  |e autor  |9 442984 
700 0 |a Brockunier, Samuel Hugh  |e author  |9 442844 
245 1 4 |a The making of american democracy: readings and documents 
300 |a v 
942 |c BK 
945 |d 20000505 00:00:00  |a crobeson 
260 |a Nueva York  |b Holt, Rinehart and Winston  |c 1960 
650 7 |a HISTORIA ESTADOUNIDENSE  |2 CL-VaPUC  |9 350346 
650 0 |a Historia política  |9 256974 
650 7 |a COLONIA  |2 CL-VaPUC  |9 442845 
650 7 |a COLONIAS INGLESAS  |2 CL-VaPUC  |9 433674 
650 0 |a Democracia  |9 255256 
650 7 |a REVOLUCION AMERICANA  |2 CL-VaPUC  |9 439168 
650 0 |a Independencia   |9 344246 
650 0 |a Ilustración   |9 313124 
650 7 |a NACIONALISMO  |2 CL-VaPUC  |9 442846 
650 0 |a Guerra civil  |9 320243 
650 7 |a CRISIS POLITICA  |2 CL-VaPUC  |9 327740 
650 7 |a RECONSTRUCCION  |2 CL-VaPUC  |9 354860 
650 0 |a Desarrollo industrial  |9 322675 
650 7 |a PROGRESISMO  |2 CL-VaPUC  |9 442796 
650 0 |a Primera Guerra Mundial   |9 373283 
650 0 |a Segunda Guerra Mundial  |9 325982 
650 0 |a Posguerra  |9 372262 
650 0 |a Guerra Fría   |9 319648 
651 0 |a Estados Unidos  |9 255178 
583 |a last modification  |c 20000505 00:00:00  |k Rodrigo Vera 
999 |c 287700  |d 287698 
952 |0 0  |1 0  |4 0  |6 973_000000000000000_BIL_1960  |7 0  |8 A  |9 334661  |a BIBHIS  |b BIBHIS  |d 2019-11-20  |h v.1  |i 1273426  |o 973 BIL 1960  |p 1273426  |r 2025-01-20  |w 2019-11-20  |y BK  |k HIS 
952 |0 0  |1 0  |4 0  |6 973_000000000000000_BIL_1960  |7 0  |8 A  |9 334662  |a BIBHIS  |b BIBHIS  |d 2019-11-20  |h v.1  |i 1273434  |o 973 BIL 1960  |p 1273434  |r 2025-01-20  |w 2019-11-20  |y BK  |k HIS 
952 |0 0  |1 0  |4 0  |6 973_000000000000000_BIL_1960  |7 0  |8 A  |9 334663  |a BIBHIS  |b BIBHIS  |d 2019-11-20  |h v.2  |i 1273442  |o 973 BIL 1960  |p 1273442  |r 2025-01-20  |w 2019-11-20  |y BK  |k HIS 
952 |0 0  |1 0  |4 0  |6 973_000000000000000_BIL_1960  |7 0  |8 A  |9 334664  |a BIBHIS  |b BIBHIS  |d 2019-11-20  |h v.2  |i 1273450  |o 973 BIL 1960  |p 1273450  |r 2025-01-20  |w 2019-11-20  |y BK  |k HIS